| 000 | 00737nam a2200241Ia 4500 | ||
|---|---|---|---|
| 003 | OSt | ||
| 005 | 20220925231834.0 | ||
| 006 | a|||||r|||| 00| 0 | ||
| 007 | ta | ||
| 008 | 220923b |||||||| |||| 00| 0 eng d | ||
| 037 | _cGeneral Book | ||
| 040 |
_aRTL _cRTL _beng |
||
| 041 |
_2eng _aeng |
||
| 082 | _aX:8F, M0 | ||
| 100 |
_aBELKAOUI Ahmed _9254579 |
||
| 245 | 0 | _aConceptual foundations of management accounting | |
| 260 |
_aMassachusetts _bAddison-wesley _c1980 |
||
| 300 |
_axii, 120p. Bib chapterwise _ccm. |
||
| 490 | _aAddison-wesley paperback series in accounting | ||
| 650 | _aBudgeting | ||
| 942 |
_hX:8F, M0 _cGB _2CC |
||
| 999 |
_c589590 _d589590 |
||